000 00329nam a2200133Ia 4500
005 20260328104303.0
008 260328s9999||||xx |||||||||||||| ||und||
100 _aGromling, Alexandra
245 0 _aMiguel Angel Buonarroti /
_cAlexandra Gromling
260 _bKönemann
300 _a95 p.
650 _aMEMORIAS
942 _cBK
999 _c10645
_d10645